Konkurencia poisťovní a konkurencia lekárov ako liek na znižovanie výdavkov. Aj európske zdravotníctvo financované z verejných zdrojov bude musieť robiť viac za menej peňazí.

Príčiny rastu výdavkov na zdravotníctvo v porovnaní s hrubým národným produktom v USA a západnej Európe. Snahy reformovať systémy zdravotníckej starostlivosti. Orientácia na trhovo orientované reformy nútiace lepšie využiť dané prostriedky napr. zavedením globálnych rozpočtov (platenie nie za úkony,...

Description complète

Enregistré dans:
Détails bibliographiques
Auteur principal: Sasseen, J.
Format: Chapitre de livre
Langue:slovaque
Sujets:
Tags: Ajouter un tag
Pas de tags, Soyez le premier à ajouter un tag!

MARC

LEADER 00000naa a2200000 4500
001 r013761
005 20221205080619.8
041 0 |a slo 
044 |a SK 
245 1 0 |a Konkurencia poisťovní a konkurencia lekárov ako liek na znižovanie výdavkov.  |b Aj európske zdravotníctvo financované z verejných zdrojov bude musieť robiť viac za menej peňazí.  |c J. Sasseen 
520 |a Príčiny rastu výdavkov na zdravotníctvo v porovnaní s hrubým národným produktom v USA a západnej Európe. Snahy reformovať systémy zdravotníckej starostlivosti. Orientácia na trhovo orientované reformy nútiace lepšie využiť dané prostriedky napr. zavedením globálnych rozpočtov (platenie nie za úkony, ale za pacienta), varovania demografov. Poisťovňa musí mať konkurenta. Príplatky za poskytnutie zdravotníckych služieb nad zaručenú minimálnu úroveň. 
610 2 0 |a zdravotníctvo 
610 2 0 |a výdavky rozpočtu štátneho 
610 2 0 |a služby neplatené 
610 2 0 |a služby platené 
610 2 0 |a USA 
610 2 0 |a západná Európa 
610 2 0 |a financovanie 
610 2 0 |a starostlivosť zdravotná 
610 2 0 |a reorganizácia 
100 1 |a Sasseen, J.